| 000 | 00503nam a2200157Ia 4500 | ||
|---|---|---|---|
| 008 | 180901s9999 xx 000 0 und d | ||
| 020 | _a9780323221467 | ||
| 100 | _aWebb, W. Richard. | ||
| 245 |
_cW. Richard Webb, William E. Brant, Nancy M. Major.-- _aFundamentals of body CT / |
||
| 250 | _a4th ed | ||
| 260 |
_aUSA : _bElsevier Saunders _c2015 |
||
| 300 | _axi, 382 pages. | ||
| 500 | _aIncludes bibliographic reference and index. | ||
| 650 | _aTomography, X-Ray Computed. | ||
| 650 | _aTomography. | ||
| 999 |
_c358470 _d358470 |
||